LEADER 01585nam a2200301 4500 001 000000362795 003 CaOOAMICUS 005 20250513103536.0 008 250513s200u xxu 000 u eng r 020 $a978-1-148-97936-6 040 $aSeMil$bita 100 0 $aAvicenna,$d<980-1037>.$0(OLS)http://semarc/name/2964 245 14$aDie Metaphysik Avicennas :$benthaltend die Metaphysik, Theologie, Kosmologie und Ethik /$cübersetzt und erläutert von Max Horten. 264 1$aUnited States od America :$bNabu Public Domain Reprints,$c[200-?] 300 $aX, 799 p. ;$c25 cm 500 $aNell'edizione originale fa parte di: Das Buch der Genesung der Seele : eine philosophische Enzyklopädie Avicennas. 2. Serie, Die Philosophie, 3. Gruppe, 13. Teil 534 $aRipr. facs.$bHalle a.S und New York : Verlag von Rudolf Haupt,$c1907 600 04$aAvicenna <980-1037>.$0(OLS)http://semarc/subject/6182 700 1 $aHorten, Max,$d<1874-1945>.$0(OLS)http://semarc/name/122024 850 $aSeMil 852 $aSeMil$W1$xVenegono$y1$m2P VI 422$j256813$B253696$CSeMilBibl$Z2$F253696 $81 900 1 $aIbn S?n?, al-?usayn ibn ?Abd All?h. 961 $aBuzzi mons. Franco - Omaggio 996 $6020$a978-1-148-97936-6$9(OLS)http://semarc/number/303178 996 $6245$aDie Metaphysik Avicennas :$benthaltend die Metaphysik, Theologie, Kosmologie und Ethik$9(OLS)http://semarc/title/453768 996 $6264$aUnited States od America :$bNabu Public Domain Reprints$9(OLS)http://semarc/publisher/62351 LEADER 01277nam a2200313 4500 001 000000347433 003 CaOOAMICUS 005 20250716095937.0 008 210825s2005 it 000 u ita r 020 $a88-04-54912-2 040 $aSeMil$bita 100 1 $aLewis, Clive Staples,$d<1898-1963>.$0(OLS)http://semarc/name/12911 240 14$aThe chronicles of Narnia.$0(OLS)http://semarc/title/436709 245 13$aLe cronache di Narnia. Il leone, la strega e l'armadio /$cC. S. Lewis ; traduzione di Roberta Magnaghi. 264 1$aMilano :$bMondadori,$c2005. 300 $a137 p. ;$c23 cm 490 1 $aI grandi 700 1 $aMagnaghi, Roberta.$0(OLS)http://semarc/name/114483 830 2$aI grandi.$0(OLS)http://semarc/title/436711 850 $aSeMil 852 $aSeMil$W1$xVenegono$y1$m1U II 108$j229214$B238507$CSeMilBibl$Z2$F238507 $81 900 1 $aLewis, Clive S.,$d<1888-1963>. 941 1 $a6 961 $aOmaggio card. Angelo Scola 996 $6020$a88-04-54912-2$9(OLS)http://semarc/number/293902 996 $6245$aLe cronache di Narnia. Il leone, la strega e l'armadio$9(OLS)http://semarc/title/436710 996 $6264$aMilano :$bMondadori$9(OLS)http://semarc/publisher/30335 LEADER 01281nam a2200277 i 4500 001 000000067819 003 CaOOAMICUS 005 20100609000000.0 008 100609s1968 it u000 u ita u 013 $a38991 040 $aSeMil$bita 100 1 $aKalivoda, Robert.$0(OLS)http://semarc/name/33905 240 10$aModerni duchovni skutecnost a marxismus.$0(OLS)http://semarc/title/108137 245 13$aLa realtà spirituale moderna e il marxismo /$cRobert Kalivoda ; a cura e con una introduzione di Sergio Corduas. 260 $aTorino :$bEinaudi,$c1968. 300 $a198 p. ;$c18 cm. 490 0 $aNuovo politecnico ;$v46 500 $aComplemento al tit. in cop. : Lo strutturalismo, Freud, il libertinismo. 650 4$aMaterialismo dialettico.$0(OLS)http://semarc/subject/5630 650 4$aMarx, Karl <1818-1883> [e] S. Freud.$0(OLS)http://semarc/subject/13301 700 1 $aCorduas, Sergio.$0(OLS)http://semarc/name/28221 830 0$aNuovo politecnico ;$v46.$0(OLS)http://semarc/title/6899 850 $aSeMil 852 $aSeMil$W1$xVenegono$y1$m2O I 348$j33972$B33972$CSeMilBibl$Z2$F33975 $81 996 $6245$aLa realtà spirituale moderna e il marxismo$9(OLS)http://semarc/title/108136 996 $6260$aTorino :$bEinaudi$9(OLS)http://semarc/publisher/29884 LEADER 01462nam a2200265 i 4500 001 000000124796 003 CaOOAMICUS 005 20050923000000.0 008 050923s1977 it u000 u ita u 013 $a97493 040 $aSeMil$bita 245 10$aClassici e Romantici tedeschi in Italia :$bopere d'arte dei Musei della Repubblica Democratica Tedesca : Venezia, Ala Napoleonica, settembre-novembre 1977 /$ccatalogo a cura di Claude Keisch ; introduzione di Giulio Carlo Argan ; saggi di Massimo Cacciari. 260 $aVenezia :$bAlfieri,$ccopyr. 1977. 300 $a114 p. :$briccamente ill. ;$c25 cm. 500 $aCatalogo della Mostra tenuta a Venezia nel 1977. - Fondo Ciprandi. 650 4$aArtisti tedeschi - Sec. 18.-19. - Italia - Esposizioni - 1977.$0(OLS)http://semarc/subject/24152 700 1 $aKeisch, Claude.$0(OLS)http://semarc/name/51865 700 1 $aCacciari, Massimo,$d<1944- >.$0(OLS)http://semarc/name/7069 700 1 $aArgan, Giulio Carlo,$d<1909-1992>.$0(OLS)http://semarc/name/5637 850 $aSeMil 852 $aSeMil$W1$xVenegono$y1$m5U VI 43$j79315$B79315$CSeMilBibl$Z2$F103343 $81 941 1 $a1 961 $aOmaggio: Ciprandi dott. Paolo 996 $6245$aClassici e Romantici tedeschi in Italia :$bopere d'arte dei Musei della Repubblica Democratica Tedesca : Venezia, Ala Napoleonica, settembre-novembre 1977$9(OLS)http://semarc/title/183685 996 $6260$aVenezia :$bAlfieri$9(OLS)http://semarc/publisher/41776